| 000 | 00576nam a2200217 a 4500 | ||
|---|---|---|---|
| 001 | 0001-2224 | ||
| 003 | ELIB.Books | ||
| 008 | 190803 2010 eng | ||
| 020 | _a1563381877 | ||
| 092 |
_a371.102 _bMor |
||
| 100 | _aMoran, Gabriel. | ||
| 245 |
_aShowing How _bThe Act of Teaching |
||
| 260 |
_aValley Forge _bTrinity Press International _c1997 |
||
| 300 |
_a250 _c21.5cm |
||
| 650 | _aMoral Education | ||
| 856 |
_nKBTS Library _uKBTS Elib |
||
| 942 |
_2ddc _cBK |
||
| 990 | _a1 | ||
| 998 |
_aEnglishbooks.elf _ccat _e2019-08-03 |
||
| 999 |
_c12224 _d12224 |
||